000 00309nam a22001337a 4500
008 170308b xxu||||| |||| 00| 0 eng d
020 _a9780697229250
041 _aeng
080 _25 ED
_a511
100 _a6
101 _aSHM
245 _aESSENTIALS OF HUMAN ANATOMY PHYSIOLOGY
_cHOLE.J.W
942 _2udc
_cBK
999 _c7173
_d7173